Statistics for Memory: match 10 pairs of symbols

Click here to take the quiz!

General Stats

  • This quiz has been taken 364 times
  • The average score is 21 of 30

Answer Stats

ANSWER% Correct
#
89%
#
87%
@
85%
;
84%
~
83%
;
83%
%
81%
80%
78%
77%
$
77%
76%
76%
%
76%
$
76%
:
76%
75%
~
74%
@
74%
:
74%
50%
49%
49%
49%
48%
48%
48%
48%
47%
47%

Score Distribution

Percentile by Number Answered

Percent of People with Each Score

Your Score History

You have not taken this quiz